00745nam a2200229Ia 450000500170000000800480001702000180006503700100008304000180009304100130011108400080012410000300013224501030016226000210026526000090028626000090029565000200030485600690032494200100039399900210040395200910042420260121113220.012219 260114s9999 xx 000 0 eng d a9789814541305 aEBOOK aCRLbengcCRL aeng2eng qCRL aKrikorian Ricardo9970060 0aPlasma Physics and Controlled Thermonuclear Fusion - Proceedings of the Ii Latin American Workshop bWorld Scientific bWSPC c1989 aPhysics9970061 uhttps://www.worldscientific.com/worldscibooks/10.1142/0846#t=toc cEBOOK c1549519d1549519 00104070aCRLbCRLd2026-01-21l0pCL1878056r2026-01-21 11:32:20w2026-01-21yEBOOK